000 00589cam a2200217 a 4500
001 4714575
005 20171220093329.0
008 830620s1984 maua b 001 0 eng
010 _a 83013102
020 _a0273019139 :
_c$18.95 (est.)
040 _aDLC
_cDLC
_dDLC
041 _aeng
080 _a658.4012 FRE
082 0 0 _a658.4012 FRE
_219
100 1 _a54
101 _aMEN
245 1 0 _aStrategic management :
_cR. Edward Freeman.
504 _aBibliography: p. 251-266.
906 _a7
_bcbc
_corignew
_d1
_eocip
_f19
_gy-gencatlg
942 _2ddc
_cBK
999 _c39251
_d39251